000 00695cab a22001935a 4500
001 L146200
008 081216s2008 xxko f s 000 0 eng d
035 _a(Sirsi) u146200
041 0 _aeng
100 1 _aRubinsohn, Simon
245 0 0 _aSafe haven?
260 _c2008
490 _aFarmland Market
_v(70) Winter 2008, 10-11(2)
520 _aArticle looks at the collapse of the residential and commercial property markets and predicts that the relative stability of rural land prices during this period of recession may act as a safe haven for investors.
590 _aKA
651 4 _aInternational
690 _aENVIRONMENTAL AND LAND CONSULTANCY-AGRIBUSINESS-AGRICULTURE
942 _n0
999 _c81079
_d81079